[Event "European Women's Championship"]
[Site "Vysoke Tatry"]
[Date "2018.04.09"]
[Round "2"]
[White "Mammadova, Gulnar"]
[Black "Sebag, Marie"]
[Result "1/2-1/2"]
[Board "4"]
[WhiteElo "2360"]
[WhiteTitle "IM"]
[WhiteCountry "AZE"]
[WhiteFideId "13403508"]
[WhiteEloChange "4"]
[BlackElo "2492"]
[BlackTitle "GM"]
[BlackCountry "FRA"]
[BlackFideId "617822"]
[BlackEloChange "-2"]

1. e4 {[%clk 1:30:57]} c5 {[%clk 1:30:54]} 2. Nf3 {[%clk 1:31:14]} d6 {[%clk
1:31:18]} 3. Bb5+ {[%clk 1:31:37]} Nd7 {[%clk 1:31:40]} 4. a4 {[%clk 1:31:58]}
Nf6 {[%clk 1:31:30]} 5. Nc3 {[%clk 1:32:17]} a6 {[%clk 1:30:11]} 6. Bc4 {[%clk
1:32:37]} b6 {[%clk 1:28:39]} 7. O-O {[%clk 1:28:43]} Bb7 {[%clk 1:29:01]} 8. Re1
{[%clk 1:27:26]} g6 {[%clk 1:24:32]} 9. d3 {[%clk 1:18:43]} Bg7 {[%clk 1:21:50]}
10. Bf4 {[%clk 1:17:01]} O-O {[%clk 1:19:07]} 11. Qd2 {[%clk 1:14:48]} Ng4 {[%clk
1:06:47]} 12. h3 {[%clk 1:13:59]} Nge5 {[%clk 1:06:10]} 13. Nxe5 {[%clk 1:14:16]}
Nxe5 {[%clk 1:06:03]} 14. Bh6 {[%clk 1:11:43]} e6 {[%clk 0:53:10]} 15. Bxg7
{[%clk 1:10:48]} Kxg7 {[%clk 0:53:35]} 16. f4 {[%clk 1:09:03]} Nc6 {[%clk
0:49:08]} 17. Ba2 {[%clk 1:05:50]} Nb4 {[%clk 0:44:46]} 18. Rf1 {[%clk 0:58:18]}
d5 {[%clk 0:25:29]} 19. exd5 {[%clk 0:36:20]} Nxa2 {[%clk 0:25:04]} 20. Rxa2
{[%clk 0:36:37]} Bxd5 {[%clk 0:25:22]} 21. Nxd5 {[%clk 0:36:48]} Qxd5 {[%clk
0:25:08]} 22. Qc3+ {[%clk 0:36:59]} Kg8 {[%clk 0:19:49]} 23. Raa1 {[%clk
0:37:04]} Rfd8 {[%clk 0:19:47]} 24. Rf2 {[%clk 0:33:13]} Qd4 {[%clk 0:19:33]} 25.
Qxd4 {[%clk 0:29:17]} Rxd4 {[%clk 0:19:18]} 26. b3 {[%clk 0:28:58]} h5 {[%clk
0:17:07]} 27. h4 {[%clk 0:26:15]} Rad8 {[%clk 0:14:31]} 28. g3 {[%clk 0:24:24]}
b5 {[%clk 0:10:22]} 29. axb5 {[%clk 0:23:57]} axb5 {[%clk 0:10:48]} 30. Kg2
{[%clk 0:22:24]} Kg7 {[%clk 0:04:23]} 31. Re2 {[%clk 0:18:53]} c4 {[%clk
0:03:47]} 32. dxc4 {[%clk 0:17:37]} bxc4 {[%clk 0:04:13]} 33. bxc4 {[%clk
0:07:07]} Rxc4 {[%clk 0:04:39]} 34. Kf2 {[%clk 0:06:45]} Rdc8 {[%clk 0:04:46]}
35. Ra2 {[%clk 0:07:09]} Rc3 {[%clk 0:05:05]} 36. Rb2 {[%clk 0:07:06]} Kf6 {[%clk
0:05:19]} 37. Kg2 {[%clk 0:05:26]} R8c5 {[%clk 0:05:08]} 38. Kh3 {[%clk 0:04:11]}
Kf5 {[%clk 0:03:33]} 39. Rb7 {[%clk 0:04:19]} Kf6 {[%clk 0:03:51]} 40. Rb2 {[%clk
0:34:43]} R5c4 {[%clk 0:33:55]} 41. Kg2 {[%clk 0:34:29]} Ra3 {[%clk 0:32:46]} 42.
Kh2 {[%clk 0:29:35]} Rcc3 {[%clk 0:31:14]} 43. Rg2 {[%clk 0:30:03]} Kf5 {[%clk
0:24:53]} 44. Rb7 {[%clk 0:23:51]} f6 {[%clk 0:16:38]} 45. Kh3 {[%clk 0:22:01]}
Rf3 {[%clk 0:07:56]} 46. Rb5+ {[%clk 0:20:48]} e5 {[%clk 0:08:21]} 47. fxe5
{[%clk 0:20:33]} fxe5 {[%clk 0:08:47]} 48. Kh2 {[%clk 0:17:19]} Rac3 {[%clk
0:06:51]} 49. Rb4 {[%clk 0:15:18]} Rc5 {[%clk 0:04:36]} 50. g4+ {[%clk 0:13:40]}
1/2-1/2

[Event "European Women's Championship"]
[Site "Vysoke Tatry"]
[Date "2018.04.09"]
[Round "2"]
[White "Buksa, Nataliya"]
[Black "Girya, Olga"]
[Result "1-0"]
[Board "5"]
[WhiteElo "2357"]
[WhiteTitle "WGM"]
[WhiteCountry "UKR"]
[WhiteFideId "14123622"]
[WhiteEloChange "13"]
[BlackElo "2470"]
[BlackTitle "WGM"]
[BlackCountry "RUS"]
[BlackFideId "4195752"]
[BlackEloChange "-7"]

1. e4 {[%clk 1:30:56]} c6 {[%clk 1:30:39]} 2. Nc3 {[%clk 1:31:19]} d5 {[%clk
1:31:04]} 3. Nf3 {[%clk 1:31:46]} dxe4 {[%clk 1:30:39]} 4. Nxe4 {[%clk 1:32:10]}
Nf6 {[%clk 1:31:04]} 5. Qe2 {[%clk 1:32:35]} Nxe4 {[%clk 1:31:20]} 6. Qxe4 {[%clk
1:33:00]} Be6 {[%clk 1:31:03]} 7. b3 {[%clk 1:33:24]} Nd7 {[%clk 1:30:37]} 8. Bb2
{[%clk 1:29:20]} Nf6 {[%clk 1:30:57]} 9. Qe5 {[%clk 1:14:58]} Bg4 {[%clk
1:22:03]} 10. Qf4 {[%clk 1:00:42]} e6 {[%clk 1:04:17]} 11. Bd3 {[%clk 1:00:28]}
Bh5 {[%clk 0:59:34]} 12. Ne5 {[%clk 0:49:42]} Bg6 {[%clk 0:48:43]} 13. Nxg6
{[%clk 0:32:40]} hxg6 {[%clk 0:49:08]} 14. Qf3 {[%clk 0:32:23]} Bd6 {[%clk
0:46:39]} 15. g3 {[%clk 0:30:59]} Qa5 {[%clk 0:43:20]} 16. O-O {[%clk 0:24:59]}
Qxd2 {[%clk 0:41:02]} 17. Rad1 {[%clk 0:16:55]} Qh6 {[%clk 0:40:42]} 18. h4
{[%clk 0:17:24]} Rd8 {[%clk 0:34:21]} 19. Bd4 {[%clk 0:09:23]} Qh5 {[%clk
0:17:35]} 20. Qxh5 {[%clk 0:08:40]} Rxh5 {[%clk 0:18:04]} 21. Bxa7 {[%clk
0:09:07]} Bc5 {[%clk 0:13:37]} 22. Bxc5 {[%clk 0:09:33]} Rxc5 {[%clk 0:14:04]}
23. c4 {[%clk 0:09:34]} Ra5 {[%clk 0:13:32]} 24. a4 {[%clk 0:09:18]} c5 {[%clk
0:11:21]} 25. Bc2 {[%clk 0:09:24]} Raa8 {[%clk 0:10:58]} 26. Kg2 {[%clk 0:09:18]}
Rxd1 {[%clk 0:07:39]} 27. Rxd1 {[%clk 0:09:36]} Rd8 {[%clk 0:08:08]} 28. Kf3
{[%clk 0:07:54]} Rxd1 {[%clk 0:06:37]} 29. Bxd1 {[%clk 0:08:23]} Kd7 {[%clk
0:06:25]} 30. Ke3 {[%clk 0:06:10]} Kc7 {[%clk 0:02:53]} 31. Bf3 {[%clk 0:04:26]}
Ng8 {[%clk 0:02:27]} 32. Kd3 {[%clk 0:01:18]} Ne7 {[%clk 0:02:38]} 33. Kc3 {[%clk
0:01:45]} Nf5 {[%clk 0:00:50]} 34. b4 {[%clk 0:01:43]} b6 {[%clk 0:01:02]} 35. a5
{[%clk 0:00:45]} cxb4+ {[%clk 0:00:52]} 36. Kxb4 {[%clk 0:01:14]} bxa5+ {[%clk
0:01:18]} 37. Kxa5 {[%clk 0:01:42]} Nd4 {[%clk 0:01:14]} 38. Bg2 {[%clk 0:01:42]}
Kd6 {[%clk 0:00:38]} 39. Kb4 {[%clk 0:01:32]} e5 {[%clk 0:00:37]} 40. c5+ {[%clk
0:31:19]} Ke6 {[%clk 0:30:35]} 41. Ka5 {[%clk 0:25:48]} Kf5 {[%clk 0:10:02]} 42.
Kb6 {[%clk 0:19:21]} g5 {[%clk 0:09:37]} 43. hxg5 {[%clk 0:18:02]} Kxg5 {[%clk
0:04:28]} 44. c6 {[%clk 0:18:28]} Nf5 {[%clk 0:02:54]} 45. Kc5 {[%clk 0:12:54]}
Nd4 {[%clk 0:02:00]} 46. Bh3 {[%clk 0:05:41]} f5 {[%clk 0:02:01]} 47. Kd5 {[%clk
0:05:11]} Nxc6 {[%clk 0:02:07]} 48. Kxc6 {[%clk 0:05:40]} e4 {[%clk 0:00:55]} 49.
Kd5 {[%clk 0:06:09]} Kf6 {[%clk 0:00:49]} 50. Bg2 {[%clk 0:06:25]} Kg5 {[%clk
0:00:36]} 51. Bh3 {[%clk 0:04:38]} Kf6 {[%clk 0:00:54]} 52. Kd6 {[%clk 0:05:07]}
g6 {[%clk 0:00:54]} 53. Kd5 {[%clk 0:05:30]} g5 {[%clk 0:00:36]} 54. g4 {[%clk
0:05:23]} 1-0

[Event "European Women's Championship"]
[Site "Vysoke Tatry"]
[Date "2018.04.09"]
[Round "2"]
[White "Arakhamia-Grant, Ketevan"]
[Black "Cornette, Deimante"]
[Result "0-1"]
[Board "6"]
[WhiteElo "2347"]
[WhiteTitle "GM"]
[WhiteCountry "SCO"]
[WhiteFideId "13600168"]
[WhiteEloChange "-7"]
[BlackElo "2467"]
[BlackTitle "IM"]
[BlackCountry "LTU"]
[BlackFideId "12802859"]
[BlackEloChange "3"]

1. e4 {[%clk 1:30:58]} e5 {[%clk 1:30:53]} 2. Nf3 {[%clk 1:31:20]} Nc6 {[%clk
1:31:15]} 3. Bc4 {[%clk 1:31:42]} Nf6 {[%clk 1:31:19]} 4. d3 {[%clk 1:32:05]} Bc5
{[%clk 1:31:20]} 5. O-O {[%clk 1:32:05]} d6 {[%clk 1:30:48]} 6. c3 {[%clk
1:32:02]} a6 {[%clk 1:30:53]} 7. a4 {[%clk 1:30:51]} Ba7 {[%clk 1:30:50]} 8. h3
{[%clk 1:30:43]} h6 {[%clk 1:30:38]} 9. b4 {[%clk 1:09:35]} O-O {[%clk 1:22:58]}
10. Re1 {[%clk 1:08:07]} Ne7 {[%clk 1:12:15]} 11. Bb3 {[%clk 1:06:01]} Ng6 {[%clk
1:11:54]} 12. d4 {[%clk 1:02:33]} Re8 {[%clk 1:01:38]} 13. dxe5 {[%clk 0:53:53]}
dxe5 {[%clk 0:56:48]} 14. Qxd8 {[%clk 0:51:29]} Rxd8 {[%clk 0:57:13]} 15. Be3
{[%clk 0:51:33]} Bxe3 {[%clk 0:44:31]} 16. Rxe3 {[%clk 0:49:56]} b6 {[%clk
0:42:41]} 17. Nbd2 {[%clk 0:46:17]} Bb7 {[%clk 0:42:52]} 18. a5 {[%clk 0:32:20]}
b5 {[%clk 0:33:24]} 19. Bc2 {[%clk 0:32:19]} c5 {[%clk 0:26:31]} 20. bxc5 {[%clk
0:29:57]} Nd7 {[%clk 0:26:37]} 21. Nb3 {[%clk 0:30:17]} Rdc8 {[%clk 0:25:35]} 22.
Rd1 {[%clk 0:30:05]} Ngf8 {[%clk 0:25:32]} 23. Rd6 {[%clk 0:26:09]} Rc7 {[%clk
0:24:18]} 24. h4 {[%clk 0:14:25]} Re8 {[%clk 0:21:50]} 25. h5 {[%clk 0:12:48]}
Ne6 {[%clk 0:19:51]} 26. Nh4 {[%clk 0:10:57]} Ndxc5 {[%clk 0:14:07]} 27. Nxc5
{[%clk 0:11:12]} Nxc5 {[%clk 0:12:09]} 28. Nf5 {[%clk 0:08:47]} Kh7 {[%clk
0:11:35]} 29. Rb6 {[%clk 0:04:12]} Re6 {[%clk 0:08:11]} 30. c4 {[%clk 0:01:13]}
Rxb6 {[%clk 0:05:58]} 31. axb6 {[%clk 0:01:38]} Rc6 {[%clk 0:06:18]} 32. cxb5
{[%clk 0:01:14]} axb5 {[%clk 0:06:41]} 33. Rc3 {[%clk 0:00:57]} b4 {[%clk
0:05:06]} 34. Rc4 {[%clk 0:01:23]} b3 {[%clk 0:01:29]} 35. Bb1 {[%clk 0:01:49]}
Nd7 {[%clk 0:00:46]} 36. Rxc6 {[%clk 0:00:47]} Bxc6 {[%clk 0:01:12]} 37. Ne7
{[%clk 0:00:45]} Bb7 {[%clk 0:01:30]} 38. Nd5 {[%clk 0:00:47]} Kg8 {[%clk
0:01:24]} 39. Nc3 {[%clk 0:00:38]} Nxb6 {[%clk 0:01:41]} 40. Kf1 {[%clk 0:31:01]}
Kf8 {[%clk 0:31:19]} 41. Ke1 {[%clk 0:20:06]} Ke7 {[%clk 0:28:24]} 42. Nb5 {[%clk
0:18:11]} Ba6 {[%clk 0:24:53]} 43. Na3 {[%clk 0:14:43]} Nc4 {[%clk 0:19:46]} 44.
Nxc4 {[%clk 0:14:05]} Bxc4 {[%clk 0:20:12]} 45. Kd2 {[%clk 0:13:06]} Kf6 {[%clk
0:18:43]} 46. Kc3 {[%clk 0:11:01]} Be6 {[%clk 0:14:49]} 47. Kb4 {[%clk 0:10:29]}
Kg5 {[%clk 0:13:57]} 48. Kc5 {[%clk 0:10:51]} f6 {[%clk 0:12:11]} 49. Kd6 {[%clk
0:10:16]} Bc4 {[%clk 0:12:07]} 0-1

[Event "European Women's Championship"]
[Site "Vysoke Tatry"]
[Date "2018.04.09"]
[Round "2"]
[White "Javakhishvili, Lela"]
[Black "Gara, Ticia"]
[Result "1/2-1/2"]
[Board "7"]
[WhiteElo "2467"]
[WhiteTitle "IM"]
[WhiteCountry "GEO"]
[WhiteFideId "13601458"]
[WhiteEloChange "-2"]
[BlackElo "2330"]
[BlackTitle "WGM"]
[BlackCountry "HUN"]
[BlackFideId "717444"]
[BlackEloChange "4"]

1. d4 {[%clk 1:30:57]} Nf6 {[%clk 1:30:54]} 2. c4 {[%clk 1:31:22]} e6 {[%clk
1:31:15]} 3. Nc3 {[%clk 1:31:07]} Bb4 {[%clk 1:29:55]} 4. e3 {[%clk 1:31:22]} O-O
{[%clk 1:29:26]} 5. Bd3 {[%clk 1:30:19]} c5 {[%clk 1:28:42]} 6. Nf3 {[%clk
1:28:59]} d5 {[%clk 1:27:56]} 7. O-O {[%clk 1:27:44]} cxd4 {[%clk 1:25:27]} 8.
exd4 {[%clk 1:28:08]} dxc4 {[%clk 1:24:31]} 9. Bxc4 {[%clk 1:28:32]} b6 {[%clk
1:23:56]} 10. Bg5 {[%clk 1:27:34]} Bb7 {[%clk 1:22:05]} 11. Qe2 {[%clk 1:23:08]}
Nbd7 {[%clk 1:18:40]} 12. Ne5 {[%clk 1:19:21]} Bxc3 {[%clk 1:13:53]} 13. bxc3
{[%clk 1:18:01]} Qc7 {[%clk 1:09:14]} 14. Nxd7 {[%clk 1:12:10]} Nxd7 {[%clk
1:07:04]} 15. Rac1 {[%clk 1:08:32]} h6 {[%clk 1:01:27]} 16. Bh4 {[%clk 0:51:08]}
Qf4 {[%clk 0:54:46]} 17. Bg3 {[%clk 0:50:52]} Qe4 {[%clk 0:54:37]} 18. Qxe4
{[%clk 0:46:11]} Bxe4 {[%clk 0:55:04]} 19. Bb5 {[%clk 0:43:18]} Nf6 {[%clk
0:53:07]} 20. Ba6 {[%clk 0:42:31]} Rad8 {[%clk 0:50:40]} 21. f3 {[%clk 0:35:56]}
Bc6 {[%clk 0:49:18]} 22. Rfd1 {[%clk 0:34:52]} Nh5 {[%clk 0:44:48]} 23. Be1
{[%clk 0:28:57]} Nf4 {[%clk 0:40:53]} 24. Rb1 {[%clk 0:24:44]} Rd7 {[%clk
0:37:26]} 25. Bf1 {[%clk 0:21:46]} Rc8 {[%clk 0:28:25]} 26. c4 {[%clk 0:16:43]}
Rcd8 {[%clk 0:21:04]} 27. Bf2 {[%clk 0:16:44]} Ng6 {[%clk 0:20:18]} 28. Rdc1
{[%clk 0:13:44]} Ne7 {[%clk 0:16:54]} 29. c5 {[%clk 0:13:18]} bxc5 {[%clk
0:12:38]} 30. dxc5 {[%clk 0:13:37]} Nf5 {[%clk 0:11:10]} 31. a3 {[%clk 0:10:12]}
Rd2 {[%clk 0:09:17]} 32. Be1 {[%clk 0:09:39]} Ra2 {[%clk 0:06:56]} 33. Ra1 {[%clk
0:05:09]} Rxa1 {[%clk 0:06:49]} 34. Rxa1 {[%clk 0:05:37]} Ne3 {[%clk 0:06:40]}
35. Rc1 {[%clk 0:04:54]} Nxf1 {[%clk 0:06:09]} 36. Kxf1 {[%clk 0:05:17]} 1/2-1/2

[Event "European Women's Championship"]
[Site "Vysoke Tatry"]
[Date "2018.04.09"]
[Round "2"]
[White "Unuk, Laura"]
[Black "Kashlinskaya, Alina"]
[Result "0-1"]
[Board "8"]
[WhiteElo "2329"]
[WhiteTitle "WIM"]
[WhiteCountry "SLO"]
[WhiteFideId "14609215"]
[WhiteEloChange "-7"]
[BlackElo "2450"]
[BlackTitle "IM"]
[BlackCountry "RUS"]
[BlackFideId "4198026"]
[BlackEloChange "3"]

1. d4 {[%clk 1:30:56]} Nf6 {[%clk 1:30:54]} 2. c4 {[%clk 1:30:40]} e6 {[%clk
1:31:17]} 3. Nf3 {[%clk 1:31:01]} d5 {[%clk 1:31:39]} 4. Nc3 {[%clk 1:31:18]} Bb4
{[%clk 1:32:02]} 5. Qa4+ {[%clk 1:31:17]} Nc6 {[%clk 1:32:25]} 6. a3 {[%clk
1:31:29]} Bxc3+ {[%clk 1:31:19]} 7. bxc3 {[%clk 1:31:54]} O-O {[%clk 1:30:12]} 8.
Bg5 {[%clk 1:31:08]} h6 {[%clk 1:28:50]} 9. Bh4 {[%clk 1:30:23]} Bd7 {[%clk
1:19:03]} 10. cxd5 {[%clk 1:29:16]} exd5 {[%clk 1:18:55]} 11. e3 {[%clk 1:29:01]}
a6 {[%clk 1:04:51]} 12. Qc2 {[%clk 1:25:51]} Re8 {[%clk 0:59:13]} 13. Bd3 {[%clk
1:17:25]} Bg4 {[%clk 0:56:04]} 14. Nd2 {[%clk 1:11:10]} Na5 {[%clk 0:51:07]} 15.
O-O {[%clk 1:06:51]} Be6 {[%clk 0:49:00]} 16. e4 {[%clk 0:53:53]} b5 {[%clk
0:44:07]} 17. f4 {[%clk 0:35:07]} dxe4 {[%clk 0:43:06]} 18. Nxe4 {[%clk 0:34:48]}
Bb3 {[%clk 0:42:48]} 19. Qf2 {[%clk 0:31:53]} Bc4 {[%clk 0:32:41]} 20. Nxf6+
{[%clk 0:19:18]} gxf6 {[%clk 0:33:05]} 21. Qg3+ {[%clk 0:19:46]} Kh8 {[%clk
0:32:17]} 22. Rae1 {[%clk 0:12:59]} Rg8 {[%clk 0:27:41]} 23. Qh3 {[%clk 0:13:19]}
Bxd3 {[%clk 0:28:00]} 24. Qxd3 {[%clk 0:13:45]} Qd6 {[%clk 0:28:00]} 25. Re3
{[%clk 0:08:48]} Nc4 {[%clk 0:21:50]} 26. Rh3 {[%clk 0:09:03]} Rae8 {[%clk
0:22:02]} 27. a4 {[%clk 0:05:39]} c6 {[%clk 0:15:40]} 28. axb5 {[%clk 0:06:05]}
axb5 {[%clk 0:15:48]} 29. f5 {[%clk 0:01:19]} Kh7 {[%clk 0:15:35]} 30. Qf3 {[%clk
0:00:54]} Re3 {[%clk 0:14:31]} 31. Qxe3 {[%clk 0:00:42]} Nxe3 {[%clk 0:14:56]}
32. Rxe3 {[%clk 0:01:09]} b4 {[%clk 0:13:53]} 33. cxb4 {[%clk 0:00:41]} Qxd4
{[%clk 0:14:06]} 34. Bf2 {[%clk 0:00:38]} Qxb4 {[%clk 0:13:36]} 35. Rh3 {[%clk
0:00:42]} Qe4 {[%clk 0:11:49]} 36. Bg3 {[%clk 0:00:37]} c5 {[%clk 0:11:38]} 37.
Re1 {[%clk 0:00:32]} Qxf5 {[%clk 0:11:27]} 38. Rf1 {[%clk 0:00:37]} Qe6 {[%clk
0:11:36]} 39. Rh4 {[%clk 0:00:42]} f5 {[%clk 0:05:39]} 40. Bf4 {[%clk 0:30:33]}
Rg6 {[%clk 0:35:52]} 41. Bc1 {[%clk 0:23:36]} Qd5 {[%clk 0:25:08]} 42. g3 {[%clk
0:15:55]} Re6 {[%clk 0:24:29]} 43. Rhf4 {[%clk 0:16:02]} Kg6 {[%clk 0:18:38]} 44.
h4 {[%clk 0:10:12]} h5 {[%clk 0:11:03]} 45. R4f2 {[%clk 0:09:55]} c4 {[%clk
0:11:16]} 46. Bf4 {[%clk 0:08:46]} c3 {[%clk 0:11:26]} 47. Kh2 {[%clk 0:02:25]}
Rb6 {[%clk 0:11:01]} 48. Kg1 {[%clk 0:01:28]} Qd4 {[%clk 0:10:22]} 49. Kg2 {[%clk
0:01:10]} Qd3 {[%clk 0:09:04]} 50. Rc1 {[%clk 0:01:00]} Rb2 {[%clk 0:09:06]} 51.
Rf1 {[%clk 0:00:38]} f6 {[%clk 0:07:28]} 52. Kg1 {[%clk 0:00:39]} c2 {[%clk
0:05:55]} 53. Kg2 {[%clk 0:00:35]} Rb1 {[%clk 0:05:31]} 54. Rc1 {[%clk 0:00:37]}
Qe4+ {[%clk 0:05:32]} 55. Kh2 {[%clk 0:00:44]} Qxf4 {[%clk 0:02:19]} 56. Rxf4
{[%clk 0:01:00]} Rxc1 {[%clk 0:02:46]} 57. Rc4 {[%clk 0:01:27]} Kf7 {[%clk
0:03:11]} 58. Rc6 {[%clk 0:01:04]} Ke7 {[%clk 0:03:36]} 59. Kg2 {[%clk 0:01:27]}
Kd7 {[%clk 0:04:01]} 60. Rc3 {[%clk 0:01:38]} Ke6 {[%clk 0:03:57]} 61. Rc5 {[%clk
0:01:33]} Kd6 {[%clk 0:04:20]} 62. Rc8 {[%clk 0:01:48]} f4 {[%clk 0:04:23]} 63.
gxf4 {[%clk 0:01:09]} Kd5 {[%clk 0:04:42]} 64. f5 {[%clk 0:01:05]} Ke4 {[%clk
0:04:34]} 65. Re8+ {[%clk 0:00:49]} Kxf5 {[%clk 0:04:50]} 66. Rc8 {[%clk
0:01:10]} Ke4 {[%clk 0:04:57]} 67. Re8+ {[%clk 0:01:28]} Kf4 {[%clk 0:05:19]} 68.
Rc8 {[%clk 0:01:55]} f5 {[%clk 0:05:42]} 69. Rc4+ {[%clk 0:02:05]} Ke3 {[%clk
0:05:59]} 70. Rc8 {[%clk 0:02:30]} Re1 {[%clk 0:05:01]} 0-1

[Event "European Women's Championship"]
[Site "Vysoke Tatry"]
[Date "2018.04.09"]
[Round "2"]
[White "Rapport, Jovana"]
[Black "Zhukova, Natalia"]
[Result "1/2-1/2"]
[Board "9"]
[WhiteElo "2328"]
[WhiteTitle "WGM"]
[WhiteCountry "SRB"]
[WhiteFideId "937266"]
[WhiteEloChange "3"]
[BlackElo "2426"]
[BlackTitle "GM"]
[BlackCountry "UKR"]
[BlackFideId "14101513"]
[BlackEloChange "-1"]

1. d4 {[%clk 1:30:57]} Nf6 {[%clk 1:30:45]} 2. Bf4 {[%clk 1:30:52]} d5 {[%clk
1:30:34]} 3. e3 {[%clk 1:30:45]} e6 {[%clk 1:30:22]} 4. Nf3 {[%clk 1:29:15]} c5
{[%clk 1:30:30]} 5. Be2 {[%clk 1:28:58]} Nc6 {[%clk 1:30:10]} 6. O-O {[%clk
1:28:44]} Be7 {[%clk 1:30:26]} 7. dxc5 {[%clk 1:28:47]} Bxc5 {[%clk 1:30:31]} 8.
c4 {[%clk 1:29:03]} O-O {[%clk 1:30:30]} 9. Nc3 {[%clk 1:29:24]} dxc4 {[%clk
1:30:17]} 10. Bxc4 {[%clk 1:29:31]} Qxd1 {[%clk 1:30:24]} 11. Rfxd1 {[%clk
1:29:26]} b6 {[%clk 1:30:34]} 12. Be2 {[%clk 1:25:19]} Bb7 {[%clk 1:28:39]}
1/2-1/2

[Event "European Women's Championship"]
[Site "Vysoke Tatry"]
[Date "2018.04.09"]
[Round "2"]
[White "Vega Gutierrez, Sabrina"]
[Black "Charochkina, Daria"]
[Result "1/2-1/2"]
[Board "10"]
[WhiteElo "2425"]
[WhiteTitle "IM"]
[WhiteCountry "ESP"]
[WhiteFideId "2219026"]
[WhiteEloChange "-1"]
[BlackElo "2326"]
[BlackTitle "IM"]
[BlackCountry "RUS"]
[BlackFideId "4180917"]
[BlackEloChange "3"]

1. e4 {[%clk 1:30:56]} d5 {[%clk 1:30:56]} 2. exd5 {[%clk 1:31:15]} Qxd5 {[%clk
1:31:22]} 3. Nc3 {[%clk 1:31:34]} Qd6 {[%clk 1:31:47]} 4. d4 {[%clk 1:31:55]} Nf6
{[%clk 1:32:11]} 5. Nf3 {[%clk 1:32:09]} g6 {[%clk 1:32:31]} 6. Nb5 {[%clk
1:32:05]} Qb6 {[%clk 1:32:53]} 7. Na3 {[%clk 1:30:35]} c6 {[%clk 1:32:32]} 8. Nc4
{[%clk 1:30:57]} Qc7 {[%clk 1:31:14]} 9. Nce5 {[%clk 1:31:00]} Bg7 {[%clk
1:27:51]} 10. Bc4 {[%clk 1:31:18]} Nd5 {[%clk 1:26:16]} 11. O-O {[%clk 1:31:07]}
O-O {[%clk 1:23:53]} 12. Bb3 {[%clk 1:30:54]} Nd7 {[%clk 1:22:13]} 13. Nd3 {[%clk
1:30:59]} N7f6 {[%clk 1:19:51]} 14. c4 {[%clk 1:29:49]} Nb6 {[%clk 1:20:11]} 15.
Bf4 {[%clk 1:29:50]} Qd8 {[%clk 1:20:32]} 16. h3 {[%clk 1:23:50]} Bf5 {[%clk
1:18:32]} 17. Re1 {[%clk 1:13:11]} a5 {[%clk 0:34:53]} 18. Nc5 {[%clk 0:56:59]}
Nbd7 {[%clk 0:34:07]} 19. Nxb7 {[%clk 0:35:51]} Qb6 {[%clk 0:34:26]} 20. Nc5
{[%clk 0:36:16]} Nxc5 {[%clk 0:34:51]} 21. dxc5 {[%clk 0:36:36]} Qxc5 {[%clk
0:35:05]} 22. Be3 {[%clk 0:35:52]} Qb4 {[%clk 0:33:53]} 23. Nd4 {[%clk 0:22:29]}
Be4 {[%clk 0:25:24]} 24. Ba4 {[%clk 0:17:01]} Qxc4 {[%clk 0:11:12]} 25. b3 {[%clk
0:15:37]} Qa6 {[%clk 0:10:56]} 26. Rc1 {[%clk 0:14:55]} Rfc8 {[%clk 0:06:29]} 27.
Qe2 {[%clk 0:06:58]} Bd3 {[%clk 0:05:53]} 28. Qf3 {[%clk 0:05:57]} Be4 {[%clk
0:02:36]} 29. Qe2 {[%clk 0:06:25]} Qb7 {[%clk 0:02:17]} 30. Nf3 {[%clk 0:06:06]}
Bd5 {[%clk 0:01:59]} 31. Bd4 {[%clk 0:05:11]} Re8 {[%clk 0:01:08]} 32. Ne5 {[%clk
0:01:05]} Rac8 {[%clk 0:01:11]} 33. Nd3 {[%clk 0:01:26]} e5 {[%clk 0:01:25]} 34.
Nxe5 {[%clk 0:01:05]} Ne4 {[%clk 0:00:51]} 35. Nf3 {[%clk 0:01:11]} Bxd4 {[%clk
0:00:38]} 36. Nxd4 {[%clk 0:01:38]} Qb6 {[%clk 0:00:36]} 37. Qb2 {[%clk 0:00:58]}
Nc5 {[%clk 0:00:50]} 38. Qd2 {[%clk 0:00:32]} Nxa4 {[%clk 0:00:56]} 39. bxa4
{[%clk 0:01:00]} Red8 {[%clk 0:00:45]} 40. Nf5 {[%clk 0:31:08]} Rc7 {[%clk
0:30:33]} 41. Qg5 {[%clk 0:25:43]} Rcd7 {[%clk 0:20:56]} 42. Qf6 {[%clk 0:08:58]}
gxf5 {[%clk 0:21:03]} 43. Rc3 {[%clk 0:06:08]} f4 {[%clk 0:18:23]} 44. Qg5+
{[%clk 0:01:06]} Kh8 {[%clk 0:18:38]} 45. Qf6+ {[%clk 0:01:35]} Kg8 {[%clk
0:19:03]} 46. Qg5+ {[%clk 0:00:52]} Kh8 {[%clk 0:19:27]} 47. Qf6+ {[%clk
0:00:52]} 1/2-1/2